La historia interminable / (Registro nro. 10707)
[ vista simple ]
| 000 -LEADER | |
|---|---|
| fixed length control field | 00905cam a2200325 i 4500 |
| 001 - CONTROL NUMBER | |
| control field | 0000485 |
| 003 - CONTROL NUMBER IDENTIFIER | |
| control field | DO-SdBNP |
| 005 - DATE AND TIME OF LATEST TRANSACTION | |
| control field | 20221109115251.0 |
| 007 - PHYSICAL DESCRIPTION FIXED FIELD--GENERAL INFORMATION | |
| fixed length control field | 0000485 |
| 008 - FIXED-LENGTH DATA ELEMENTS--GENERAL INFORMATION | |
| fixed length control field | 100514s2010 sp | |||| 000 f spa |
| 015 ## - NATIONAL BIBLIOGRAPHY NUMBER | |
| National bibliography number | |
| 017 ## - COPYRIGHT OR LEGAL DEPOSIT NUMBER | |
| Copyright or legal deposit number | |
| Assigning agency | |
| 020 ## - INTERNATIONAL STANDARD BOOK NUMBER | |
| International Standard Book Number | 9788466318303 |
| 035 ## - SYSTEM CONTROL NUMBER | |
| System control number | |
| 040 ## - CATALOGING SOURCE | |
| Original cataloging agency | BPMSU |
| Language of cataloging | spa |
| Transcribing agency | BPMSU |
| Description conventions | |
| 080 ## - UNIVERSAL DECIMAL CLASSIFICATION NUMBER | |
| Universal Decimal Classification number | |
| 100 1# - MAIN ENTRY--PERSONAL NAME | |
| Personal name | Ende, Michael, |
| Dates associated with a name | 1929-1995. |
| 240 10 - UNIFORM TITLE | |
| Uniform title | <a href="Die unendliche geshichte">Die unendliche geshichte</a> |
| Language of a work | ale. |
| 245 13 - TITLE STATEMENT | |
| Title | La historia interminable / |
| Statement of responsibility, etc. | Michael Ende ; traducción Miguel Sáenz. |
| Medium | |
| 250 ## - EDITION STATEMENT | |
| Edition statement | 6a. ed. |
| 260 ## - PUBLICATION, DISTRIBUTION, ETC. (IMPRINT) | |
| Place of publication, distribution, etc. | Madrid: |
| Name of publisher, distributor, etc. | Santillana ediciones generales, |
| Date of publication, distribution, etc. | 2010. |
| 300 ## - PHYSICAL DESCRIPTION | |
| Extent | 509 p. ; |
| Dimensions | 19 m |
| 490 1# - SERIES STATEMENT | |
| Series statement | Punto de lectura |
| Volume/sequential designation | 45 / 1 |
| 500 ## - GENERAL NOTE | |
| General note | Incluye datos biográficos del autor. |
| 700 12 - ADDED ENTRY--PERSONAL NAME | |
| Personal name | Sáenz, Miguel, |
| Relator term | trad. |
| 830 #0 - SERIES ADDED ENTRY--UNIFORM TITLE | |
| Uniform title | Punto de lectura |
| Number of part/section of a work | 45 / 1 |
| 942 ## - ADDED ENTRY ELEMENTS (KOHA) | |
| Source of classification or shelving scheme | Dewey Decimal Classification |
| Koha item type | Libros |
| 945 ## - LOCAL PROCESSING INFORMATION (OCLC) | |
| a | Inventariado, 2018/LP |
| 956 ## - LOCAL ELECTRONIC LOCATION AND ACCESS (OCLC) | |
| Host name | YLOCKWARD |
| Access number | 10 |
| Compression information | BPMSU |
| Withdrawn status | Lost status | Source of classification or shelving scheme | Damaged status | Not for loan | Collection code | Home library | Current library | Date acquired | Source of acquisition | Full call number | Barcode | Date last seen | Price effective from | Koha item type | Copy number |
|---|---|---|---|---|---|---|---|---|---|---|---|---|---|---|---|
| Dewey Decimal Classification | Colección Juvenil General | Biblioteca Pública Metropolitana Salomé Ureña | Biblioteca Pública Metropolitana Salomé Ureña | 07/06/2016 | Alfaguara | BPMSU CG 833.91 E56h 2010 | BPMSU16070120 | 07/06/2016 | 07/06/2016 | Libros | |||||
| Dewey Decimal Classification | Colección General | Biblioteca Pública Metropolitana Salomé Ureña | Biblioteca Pública Metropolitana Salomé Ureña | 07/06/2016 | Alfaguara | BPMSU CG 833.91 E56h 2010 | BPMSU16070121 | 07/06/2016 | 07/06/2016 | Libros | e.2 | ||||
| Dewey Decimal Classification | Colección General | Biblioteca Pública Metropolitana Salomé Ureña | Biblioteca Pública Metropolitana Salomé Ureña | 07/06/2016 | Alfaguara | BPMSU CG 833.91 E56h 2010 | BPMSU16070122 | 07/06/2016 | 07/06/2016 | Libros | e.3 |